[Event "FRA-chT1B 0708"]
[Site "France"]
[Date "2008.04.05"]
[Round "10.2"]
[White "Cursoux, Laurent"]
[Black "Syska, Albert"]
[Result "1-0"]
[WhiteElo "2243"]
[BlackElo "2252"]
[PlyCount "59"]
[EventDate "2007.10.21"]
[EventType "team"]
[EventRounds "11"]
[EventCountry "FRA"]
[SourceTitle "EXT 2009"]
[Source "ChessBase"]
[SourceDate "2008.11.26"]
[SourceVersion "1"]
[SourceVersionDate "2008.11.26"]
[SourceQuality "1"]
[WhiteTeam "Avignon"]
[BlackTeam "Gambsheim"]
[WhiteTeamCountry "FRA"]
[BlackTeamCountry "FRA"]

1. e4 c5 2. Nf3 d6 3. d4 cxd4 4. Qxd4 a6 5. c4 Nc6 6. Qd2 Nf6 7. Nc3 e6 8. Be2 Be7 9. 0-0 0-0 10. b3 Bd7 11. Bb2 Qb6 12. Rad1 Rfd8 13. Bd3 Qc7 14. Bb1 Be8 15. Qe2 Rab8 16. Rd2 Na5 17. Rc1 Rbc8 18. Nd4 Qb8 19. Rcd1 Bf8 20. f4 Nc6 21. Nxc6 Bxc6 22. e5 dxe5 23. fxe5 Rxd2 24. Rxd2 Nd7 25. Ne4 Nxe5 26. Ng5 Ng6 27. Qh5 Bc5+ 28. Kh1 Qf4 29. Qxh7+ Kf8 30. Nxe6+ 1-0

[Event "BL2-Sued 0708"]
[Site "Germany"]
[Date "2008.03.09"]
[Round "7.7"]
[White "Syska, Albert"]
[Black "Rodewis, Thomas"]
[Result "1/2-1/2"]
[WhiteElo "2252"]
[BlackElo "2383"]
[PlyCount "156"]
[EventDate "2007.10.21"]
[EventType "team-tourn"]
[EventRounds "9"]
[EventCountry "GER"]
[SourceTitle "EXT 2009"]
[Source "ChessBase"]
[SourceDate "2008.11.26"]
[SourceVersion "1"]
[SourceVersionDate "2008.11.26"]
[SourceQuality "1"]
[WhiteTeam "Heidelberg Handschuhsheim"]
[BlackTeam "Bayern Muenchen"]
[WhiteTeamCountry "GER"]
[BlackTeamCountry "GER"]

1. e4 c5 2. Nf3 a6 3. Nc3 b5 4. d4 cxd4 5. Nxd4 Bb7 6. Bd3 Nf6 7. e5 b4 8. Na4 Nd5 9. 0-0 Qa5 10. c4 bxc3 11. bxc3 Nxc3 12. Nxc3 Qxc3 13. Be3 Qa5 14. Qb3 Qd5 15. Qxd5 Bxd5 16. Rfc1 Nc6 17. Nxc6 Bxc6 18. Rab1 a5 19. Bb5 Bxb5 20. Rxb5 e6 21. Rc7 Bb4 22. Rbb7 0-0 23. Rxd7 Rfd8 24. Ra7 h5 25. Kf1 Rxd7 26. Rxa8+ Kh7 27. Ke2 Rd5 28. Ra7 Kg6 29. f4 Rb5 30. Kd3 Be1 31. Ke2 Rb1 32. f5+ exf5 33. Ra6+ Kh7 34. Ra7 f4 35. e6 fxe6 36. Bd4 Kg6 37. Kf3 Bb4 38. Rxg7+ Kh6 39. Ra7 Rf1+ 40. Ke4 Kg6 41. Rg7+ Kh6 42. Ra7 Re1+ 43. Kxf4 Bd2+ 44. Kg3 Re4 45. Bb6 Ra4 46. Bc5 Rxa2 47. Ra6 Kg5 48. Rxe6 Kf5 49. Ra6 Ra4 50. Kf3 Rc4 51. Be7 Bc3 52. g3 a4 53. h3 Be5 54. g4+ hxg4+ 55. hxg4+ Rxg4 56. Ke3 Rc4 57. Ra5 Ke6 58. Kd3 Rd4+ 59. Kc2 Rg4 60. Bf8 Bh8 61. Kb1 Kd7 62. Ka2 Rf4 63. Bh6 Rh4 64. Bf8 Bc3 65. Ra8 Bd2 66. Ra6 Kc7 67. Be7 Re4 68. Bd8+ Kb7 69. Rb6+ Ka7 70. Rb2 Bb4 71. Bf6 Ka6 72. Rc2 Kb5 73. Bh8 Re3 74. Bb2 Bc5 75. Rg2 Rf3 76. Rh2 a3 77. Be5 Bb4 78. Rc2 Ka4 1/2-1/2

[Event "FRA-chT1B 0708"]
[Site "France"]
[Date "2008.02.10"]
[Round "7.3"]
[White "Andonov, Bogomil"]
[Black "Syska, Albert"]
[Result "1/2-1/2"]
[WhiteElo "2361"]
[BlackElo "2252"]
[PlyCount "84"]
[EventDate "2007.10.21"]
[EventType "team"]
[EventRounds "11"]
[EventCountry "FRA"]
[SourceTitle "EXT 2009"]
[Source "ChessBase"]
[SourceDate "2008.11.26"]
[SourceVersion "1"]
[SourceVersionDate "2008.11.26"]
[SourceQuality "1"]
[WhiteTeam "Grasse"]
[BlackTeam "Gambsheim"]
[WhiteTeamCountry "FRA"]
[BlackTeamCountry "FRA"]

1. Nf3 e6 2. d4 f5 3. Bf4 Nf6 4. e3 b6 5. Bd3 Bb7 6. Nbd2 Be7 7. h3 0-0 8. g4 Ne4 9. gxf5 exf5 10. Rg1 d6 11. Qe2 Nd7 12. 0-0-0 Kh8 13. Kb1 Ndf6 14. Ng5 Nxg5 15. Bxg5 Ne4 16. Bxe7 Qxe7 17. f3 Nxd2+ 18. Rxd2 Rae8 19. Qg2 Qf6 20. Re1 Qxd4 21. Be4 Qxd2 22. Qxd2 fxe4 23. f4 d5 24. b4 c5 25. bxc5 bxc5 26. c4 dxc4 27. Rg1 Rf7 28. Rg5 c3 29. Qxc3 Ba6 30. Rxc5 h6 31. Kc1 Bd3 32. Rc8 Rxc8 33. Qxc8+ Kh7 34. Kd2 g6 35. a4 a6 36. Kc3 Rf5 37. Kd4 h5 38. h4 Kg7 39. Qe6 Kh7 40. Qe7+ Kg8 41. Qd7 Kh8 42. Qe6 Kh7 1/2-1/2

[Event "FRA-chT1B 0708"]
[Site "France"]
[Date "2007.12.16"]
[Round "5.3"]
[White "Syska, Albert"]
[Black "Romieux, Sebastien"]
[Result "1-0"]
[WhiteElo "2252"]
[BlackElo "2249"]
[PlyCount "39"]
[EventDate "2007.10.21"]
[EventType "team"]
[EventRounds "11"]
[EventCountry "FRA"]
[SourceTitle "EXT 2009"]
[Source "ChessBase"]
[SourceDate "2008.11.26"]
[SourceVersion "1"]
[SourceVersionDate "2008.11.26"]
[SourceQuality "1"]
[WhiteTeam "Gambsheim"]
[BlackTeam "Creteil"]
[WhiteTeamCountry "FRA"]
[BlackTeamCountry "FRA"]

1. e4 c5 2. Nf3 Nc6 3. d4 cxd4 4. Nxd4 Nf6 5. Nc3 d6 6. Bg5 e6 7. Qd2 a6 8. f3 Bd7 9. 0-0-0 Be7 10. Be3 b5 11. g4 b4 12. Nce2 Qa5 13. Kb1 Nxd4 14. Nxd4 g6 15. h4 e5 16. Nb3 Qc7 17. h5 Rg8 18. hxg6 hxg6 19. Bg5 Bxg4 20. fxg4 1-0